000 00925nam a2200253 a 4500
001 70183
003 BD-RjUL
005 20211209081955.0
008 170416s1964 nyua b 000 0 eng d
035 _a(BD-RjUL)70396
040 _aDLC/ICU
_cICU
_dBD-RjUL
_beng
041 1 _aengrus
082 0 0 _a530.15
_223
_bKOD 1964
100 1 _aKoshli︠a︡kov, N. S.
_q(Nikolaĭ Sergeevich)
_9207848
245 1 0 _aDifferential equations of mathematical physics /
_c[by] N.S. Koshlyakov, M.M. Smirnov [and] E.B. Gliner. Translated by Scripta Technica, inc. Translation editor: Herbert J. Eagle.
260 _aNew York :
_bInterscience Publishers,
_c1964.
300 _axvi, 701 p. :
_bill. ;
_c23 cm.
504 _aBibliography: p.700-701.
650 0 _aMathematical physics
_9207849
650 0 _aDifferential equations, Partial.
_9207850
700 _aSmirnov, M M
_9207851
700 _a Gliner, E B
_9207852
942 _2ddc
_cBK
999 _c70183
_d70183